000 01120cab a2200205 4500
001 ##L136635
008 070213n2007 000 0 eng u
035 _a(Sirsi) u136635
041 0 _aeng
100 1 _aKennett, Stephen
245 0 0 _aZero tolerance
260 _c2007
490 0 _aBuilding Services Journal
_vFebruary 2007, 14-16(3)
520 _aDiscusses industry concerns over government plans to make all new housing carbon neutral by 2016. Suggests that achieving zero carbon may not be feasible and to get a 40% reduction in carbon emissions would mean going for large-scale off-site generation. Highlights BedZED as one of the few zero carbon developments in existence and examines BioRegional's plans for its Z-squared scheme on the Thames Gateway, with biomass CHP as a possible energy solution. Looks at the problems of reducing carbon emissions in individual dwellings and concludes by highlighting the issue of cost.
590 _aKA
650 2 4 _aBEDZED
651 4 _aEngland and Wales
_y1543-
690 _aENVIRONMENTAL AND LAND CONSULTANCY-ENERGY-ENERGY USE-ENERGY EFFICIENCY
942 _n0
999 _c78381
_d78381